000 00362nam a2200145Ia 4500
008 230917s9999||||xx |||||||||||||| ||und||
040 _e199998
_aMAIN
041 _aEnglish
082 _a005.133 C547B
100 _aClark, Dan
245 0 _aBeginning C# oriented programming
260 _aDelhi
_bSpringer (India)
_c2011
300 _axv, 362 p.
942 _cBK
999 _c170676
_d170676